000 01615cam a2200373 a 4500
001 14470487
003 ARRUPE
005 20150722020015.0
008 060727s2006 enk b 001 0 eng c
010 _a 2006297053
015 _aGBA562550
_2bnb
016 7 _a013261010
_2Uk
020 _a9780199287185
020 _a019928718X (hbk.)
035 _a(OCoLC)ocm61176460
040 _aUKM
_cUKM
_dBWKUK
_dBAKER
_dIXA
_dDAY
_dDLC
042 _apcc
050 0 0 _aBD221
_b.B64 2006
100 1 _aBoghossian, Paul Artin.
_97646
245 1 0 _aFear of knowledge :
_bagainst relativism and constructivism /
_cPaul A. Boghossian.
260 _aOxford :
_bClarendon Press ;
_aNew York :
_bOxford University Press,
_c2006.
300 _a139 p. ;
_c21 cm.
504 _aIncludes bibliographical references (p. [132]-135) and index.
650 0 _aKnowledge, Theory of.
_97647
650 0 _aRelativity.
_97648
650 0 _aObjectivity.
_97649
650 0 _aConstructivism (Philosophy)
_97650
856 4 1 _3Table of contents only
_uhttp://www.loc.gov/catdir/toc/fy0701/2006297053.html
856 4 2 _3Contributor biographical information
_uhttp://www.loc.gov/catdir/enhancements/fy0723/2006297053-b.html
856 4 2 _3Publisher description
_uhttp://www.loc.gov/catdir/enhancements/fy0723/2006297053-d.html
906 _a7
_bcbc
_cpccadap
_d2
_encip
_f20
_gy-gencatlg
942 _2lcc
_cMONOGRAPH
_02
999 _c119862
_d119862